Les cartes de població cristiana i de seguretat de jueus i sarraïns de Tortosa 1148-1149
Gespeichert in:
| 1. Verfasser: | |
|---|---|
| Format: | Buch |
| Sprache: | Katalanisch |
| Veröffentlicht: |
Barcelona
Universitat Internacional de Catalunya
2000
|
| Schlagworte: | |
| Tags: |
Tag hinzufügen
Keine Tags, Fügen Sie den ersten Tag hinzu!
|
MARC
| LEADER | 00000nam a2200000 a 4500 | ||
|---|---|---|---|
| 001 | UCO9270 | ||
| 003 | CL-VaPUC | ||
| 005 | 20210608001434.0 | ||
| 008 | 010125e20000000sp 1 cat d | ||
| 082 | 0 | 4 | |a 349.46 |b SER |2 21 |
| 100 | 1 | |a Serrano Daura, Josep |e author |9 619874 | |
| 245 | 1 | 4 | |a Les cartes de població cristiana i de seguretat de jueus i sarraïns de Tortosa 1148-1149 |
| 246 | 1 | 0 | |a Actes de les jornades d'estudi commemoratives del 850è aniversari de la seva concessió |
| 260 | |a Barcelona |b Universitat Internacional de Catalunya |c 2000 | ||
| 300 | |a 350 p | ||
| 583 | |a last modification |c 20010125 00:00:00 |k Rodrigo Vera | ||
| 650 | 0 | 7 | |a HISTORIA DEL DERECHO ESPAÑOL |2 CL-VaPUC |9 619875 |
| 650 | 0 | 0 | |a Derecho español |9 255291 |
| 650 | 0 | 0 | |a Fuentes del derecho |9 255162 |
| 942 | |c BK | ||
| 945 | |a cmena |d 20010125 00:00:00 | ||
| 546 | |a En Catalán | ||
| 518 | |p Jornades d'Estudi Commemoratives del 850è Aniversari de la seva concessió, Tortosa, 14 al 16 de mayo de 1999 | ||
| 999 | |c 383636 |d 383634 | ||
| 952 | |0 0 |1 0 |4 0 |6 349_460000000000000_SER_2000 |7 0 |8 DER_HIS |9 505825 |a BIBDER |b BIBDER |d 2020-01-23 |i 3673227 |o 349.46 SER 2000 |p 3673227 |r 2023-01-25 |w 2020-01-23 |x Ubicación 4to Piso |y BK |z Estos recursos deben solicitarse con anticipación |k DER | ||